Restructuring the policy framework for encouraging investment flows (Record no. 501578)

000 -LEADER
fixed length control field 00409cam a22001217a 4500
008 - FIXED-LENGTH DATA ELEMENTS--GENERAL INFORMATION
fixed length control field 180718b1992 xxu||||| |||| 00| 0 eng d
082 ## - DEWEY DECIMAL CLASSIFICATION NUMBER
Classification number APPPA 91-92 MIS
100 ## - MAIN ENTRY--PERSONAL NAME
Personal name Misra, V.K.
245 ## - TITLE STATEMENT
Title Restructuring the policy framework for encouraging investment flows
Statement of responsibility, etc. by V.K. Misra
260 ## - PUBLICATION, DISTRIBUTION, ETC.
Place of publication, distribution, etc. New Delhi
Name of publisher, distributor, etc. Indian Institute of Public Administration
Date of publication, distribution, etc. 1992
300 ## - PHYSICAL DESCRIPTION
Extent 62p.
650 ## - SUBJECT ADDED ENTRY--TOPICAL TERM
Topical term or geographic name entry element Encouraging investment flows
Holdings
Withdrawn status Lost status Damaged status Not for loan Permanent Location Current Location Date acquired Full call number Barcode Date last seen Price effective from Koha item type
        Indian Institute of Public Administration Indian Institute of Public Administration 2018-08-04 APPPA 91-92 MIS GR12552 2018-08-04 2018-08-04 GR

Powered by Koha